000
00331nam a2200145Ia 4500
100
_a
Parashar/N/ Mittal/R.K
942
_c
BK
654
_a
manufacturing processes
245
_a
Elements of Manufacturing Processes
260
_b
Prentice Hall
_c
2003
082
_a
671
_b
PAR
300
_a
475
546
_a
ENGLISH
999
_c
31362
_d
31362